1564 1280 1932 1924 1400 1243 1638 1361 1949 1744 1486 1246 1450 1182 1792 1230 1430 1141 1851 1134 1275 1268 1008 1858 1954 1210 1605 1662 1151 1505 1332 1299 1246 1124 1505 1346 1637 1694 1243 1602 1152 1636 1268 1812 1142 1363 1051 1238 1103 1394 1621 1390 1355 1904 1636 1795 1317 1545 1729 1005 1673 1347 1031 1022 1947 1745 1156 1827 1219 1108 1236 1643 1334 1139 1545 1935 1514 1943 1867 1682 1380 1381 1562 1046 1938 1635 1058 1728 1466 1457 1012 1228 1674 1072 1135 1353 1180 1050 1943 BCNSPRNW ULIB Ver.6.0+V

เปลี่ยนเป็นภาษาไทย

Change to English
 แสดงรายละเอียดบรรณานุกรม
  กลับหน้าหลัก

Brief Record : Get Marc (ISO 2709) : E-mail record : QR code < ปิดหน้าต่าง
LEADER : 00000nam 2200000uu 4500
001    13399120227
003     ULIB
008    020711s2009 th a 000 0 eng d
020    9780136001652
050    QS4^bM334E
100    ELAINE N.MARIEB
245    ESSENTIALS OF ANATOMY & PHYSIOLOGY/^cELAINE N.MARIEB
260    San Francisco :^bPEARSON,^c2009
945    ^p0^l0^i16159
999    ^aทศพร เกษรทอง
รายการนี้ยังไม่มีแท็ก
คุณยังไม่ได้ล็อกอิน คุณสามารถมีกิจกรรมร่วมกับเว็บไซต์ได้ แต่ต้องล็อกอินก่อน ::
  ล็อกอิน

รายการสื่อสารสนเทศ

ลำดับที่ ประเภท เลขเรียก/บาร์โค้ด สถานที่ สถานะ
1. วิทยาศาสตร์การแพทย์ และสุขภาพ
วิทยาศาสตร์การแพทย์ และสุขภาพ
QS4 M334E  
  Barcode: 16159
ห้องสมุดวิทยาเขตสวรรค์ประชารักษ์
►หนังสือทั่วไป
บนชั้น

BibComment


ยังไม่เคยถูกคอมเมนท์

คอมเมนท์ทรัพยากรรายการนี้
  คอมเมนท์: ESSENTIALS OF ANA..


 Copyright 2026. Bcnsprnw @Library